| 000 | 01324nam a2200229Ia 4500 | ||
|---|---|---|---|
| 003 | Ost | ||
| 005 | 20260507075328.0 | ||
| 008 | 260507s9999||||xx |||||||||||||| ||und|| | ||
| 020 | _a55452599579 | ||
| 040 | _cfsecg | ||
| 041 | _aara | ||
| 082 | _a330 | ||
| 100 |
_aابو شاور، منير اسماعيل _eمؤلف |
||
| 245 | 0 |
_aنقود وبنوك / _c منير اسماعيل ابو شاور |
|
| 260 |
_aعمان: _bمكتبة المجتمع العربي, _c2011 |
||
| 300 |
_a307 صفحة؛ _bإيضاحات ؛ _c25 سم |
||
| 520 | _aالتعريف بالنقود ، النقود إبتداء من القيمة ، النظام النقدي و أنواع النقود الممكن تداولها ، البنك المركزي ، البنوك التجارية ، العلاقات و السياسات بين المؤسسات النقدية ، الجهاز المصرفي في الاقتصاد المتنامي ، السياسات النقدية و دورها في معالجة الفجوات التضخيمية و الانكماشية الناشئة عن تقلبات قيمة النقود و مفهوم هذه السياسة في اقتصاد متخلف | ||
| 653 | _aالبنوك | ||
| 653 | _aالنقود | ||
| 700 |
_aمساعدة، أمجد عبد المهدي _eمؤلف ثانوي |
||
| 942 | _cكتاب | ||
| 999 |
_c43983 _d43983 |
||